00503nam a22001457a 4500020001800000040000900018082001400027100002900041245007600070260005000146650002700196942001200223999001900235952010300254 a9781782431534 cNUST a714.2 GOR aBjezancevic, Ana9111068 aThe Gorgeous Colouring Book for Grown-UPS Discover Your Inner Creative aLondon:bMichael O'Mara Books Limited,c2013. aColouring Book9111070 2ddccBK c594072d594072 00102ddc4070aCEMEbCEMEcGENd2023-03-22l0o714.2 GORpCEME-50532r2023-03-22w2023-03-22yBK